UEFA Europa League Winning Teams Logos - Sudden Death - Statistics

General Stats
  • This quiz has been taken 576 times
    43 since last reset
  • The average score is 8 of 30
Answers on the Grid
Answers color-coded by a green-red scale on the quiz's grid according to % correct below.
 
Answer Stats
Answer % Correct
44%
44%
44%
38%
38%
38%
31%
31%
31%
31%
31%
25%
25%
25%
25%
25%
25%
25%
25%
25%
25%
25%
19%
19%
19%
19%
19%
19%
19%
19%
No matching quizzes found
Score Distribution
Percent of People with Each Score
Percentile by Number Answered
Your Score History
You have not taken this quiz since the last reset